000 00557nam a22001817a 4500
005 20130924121017.0
010 _aENG-108128
020 _c300.00
035 _aEN-91661
037 _bDBAD/PUB
100 _aMohammed Alimuddin
245 _aThe contribution of the Hindus to persian literature in Bengal /
_cby Mohammed Alimuddin
260 _aKolkata
_bSarfaraz Printing House
_c2008
270 _aS.N. Banerjee Road
_bKolkata
_e700014
300 _aiii,166p.
_c28cm(Hb)
500 _aIncludes bibliographical references and index
942 _2ddc
_cEN
_mALI
999 _c77979
_d77979